000 00944cam a22002054a 4500
005 20250605164018.0
008 250528s ||||||||||||||||||||||||d
035 _a16219
020 _a262191016
040 _aGR-AtMCL
_bgre
_dGR-AtMCL
_eAACR2
245 1 _aInadvertent Climate Modification / Report of the Study of Man's Impact on Climate (SMIC)
260 _c1973
300 _a312
520 _aPreface, Participants, Overview and Summary, Introduction, Major Conclusions and Recommendations, Climate and Man in Perspective, Fundamentals of Climate Change, Man's Activities Influencing Climate, The Theory of Climate, The General Theory of Climate and Climate Modeling, Effects and Impacts, Modification of the Troposphere, Modification of the Stratosphere, Units and Conversion Factors, Index.
700 1 _aMitchell
_9758
700 1 _aStudy Of Man'S Impact On Climate
_92299
942 _cBK
999 _c1747
_d1747